| 000 | 00842nas a2200289 4500 | ||
|---|---|---|---|
| 001 | BR2015000042 | ||
| 003 | BR-BrBNA | ||
| 005 | 20231205124858.0 | ||
| 007 | ta | ||
| 008 | 230509b bl.|||p| |||| 00| 00por d | ||
| 040 |
_aBR-BrBNA _bpor _cBiblioteca Nacional de Agricultura |
||
| 041 | _a(En) | ||
| 072 | _aP36 | ||
| 100 | 1 | _aSilva, M.A. da | |
| 100 | 1 | _aSilva, M.L.N. | |
| 100 | 1 | _aCuri, N. | |
| 100 | 1 | _aOliveira, A.H. | |
| 100 | 1 | _aAvanzi, J.C. | |
| 100 | 1 | _aNorton, L.D. | |
| 245 | 1 | _aWater erosion risk prediction in eucalyptus plantation | |
| 650 | _aEUCALIPTO | ||
| 650 | _aEROSÃO HÍDRICA | ||
| 650 | _aCONSERVAÇÃO DO SOLO | ||
| 773 | 0 |
_tCiência e Agrotecnologia (Brazil) _xISSN 1413-7054 _g(Mar-Apr 2014), v. 38(2) p. 160-172 _wBR2015000042 |
|
| 909 |
_a202311 _bLúcia _c55 _dLúcia Elande |
||
| 942 |
_2AGRIS _n0 _cANA |
||
| 999 |
_c241387 _d241387 |
||